00478 a2200121 4500001001000000005001700010008004100027245012600068100003400194700002700228773008400255999001700339ART_3437220260410162004.0260409a 10aEstimación de la valoración subjetiva de los ahorros de tiempo de viaje y espera en la ciudad de Córdoba, Argentina1 aPompilio Sartori, Juan José1 aOviedo, Jorge Mauricio0 tRevista de economía y estadísticag- Vol. XLIX, Nº 2 (dic. 2011)wREV34359 c31594d31594